| 000 | 00588nam a2200181Ia 4500 | ||
|---|---|---|---|
| 008 | 090124s9999 xx 000 0 und d | ||
| 082 | _b305818 | ||
| 100 | _aठाकूर अजित | ||
| 245 | _a द स्पाय हू लव्हड मी | ||
| 250 | _a1 | ||
| 260 |
_bफ्लेमिंग इयान _c2007 |
||
| 300 | _a136 | ||
| 600 | _aठाकूर अजित | ||
| 630 | _a द स्पाय हू लव्हड मी | ||
| 700 | _aठाकूर अजित | ||
| 730 | _a द स्पाय हू लव्हड मी | ||
| 942 | _cBOOK | ||
| 999 |
_c195812 _d195812 |
||